Over the sea to die (Record no. 13045)
[ view plain ]
| 000 -LEADER | |
|---|---|
| fixed length control field | 00367 a2200133 4500 |
| 245 ## - TITLE STATEMENT | |
| Title | Over the sea to die |
| Medium | |
| 020 ## - INTERNATIONAL STANDARD BOOK NUMBER | |
| International Standard Book Number | 0312045735 : |
| 250 ## - EDITION STATEMENT | |
| Edition statement | 1st U.S. ed. |
| 260 ## - PUBLICATION, DISTRIBUTION, ETC. | |
| Place of publication, distribution, etc. | nyu |
| Name of publisher, distributor, etc. | St. Martin's |
| Date of publication, distribution, etc. | 1990 |
| 084 ## - | |
| -- | PR6057.R55 O94 1990 |
| 300 ## - PHYSICAL DESCRIPTION | |
| Extent | 220 p. : 1 map |
| Other physical details | 22 cm. |
| Dimensions | 220 p. : 1 map ; 22 cm. |
| 500 ## - GENERAL NOTE | |
| General note | Richard Grindal. |
No items available.